Oasis Opening Lyrics Quiz - Statistics

General Stats
  • This quiz has been taken 746 times
  • The average score is 14 of 20
Answer Stats
Opening Lyrics Song % Correct
Today is gonna be the day that they're gonna throw it back to you Wonderwall
100%
Slip inside the eye of your mind Don't Look Back in Anger
99%
Maybe I don't really wanna know how your garden grows Live Forever
94%
How many special people change? How many lives are living strange? Champagne Supernova
88%
I need to be myself, I can't be no-one else Supersonic
86%
Is it my imagination, or have I finally found something worth living for? Cigarettes and Alcohol
83%
All your dreams are made when you're chained to the mirror and the razor blade Morning Glory
80%
I live my life in the city, there's no easy way out Rock 'n' Roll Star
78%
I would like to leave this city, this old town don't smell too pretty Half the World Away
73%
Made a meal and threw it up on Sunday Stand by Me
73%
I don't know what it is that makes me feel alive Acquiesce
71%
Hold up...Hold on...Don't be scared Stop Crying Your Heart Out
70%
Take some time to make some sense of what you want to say The Masterplan
70%
Here's a thought for every man who tries to understand what is in his hands Cast no Shadow
62%
Sittin' on my own, chewin' on a bone, a thousand million miles from home Talk Tonight
61%
I sold my soul for the second time, 'cause the man, he don't pay me The Importance of Being Idle
58%
We the people fight for our existence Little by Little
57%
A cold and frosty morning, there's not a lot to say Don't Go Away
56%
Here's a song, it reminds me of when we were young I'm Outta Time
39%
Calling all the stars to fall, and catch the silver sunlight in your hands Lyla
38%
No matching quizzes found
Score Distribution
Percent of People with Each Score
Percentile by Number Answered
Your Score History
You have not taken this quiz